Teología política : (Record no. 171385)

MARC details
000 -LEADER
campo de control de longitud fija 00714nam a2200217 i 4500
001 - NÚMERO DE CONTROL
campo de control 171385
003 - IDENTIFICADOR DE NÚMERO DE CONTROL
campo de control ES-MaACL
005 - FECHA Y HORA DE LA ÚLTIMA TRANSACCIÓN
campo de control 20250830062322.0
008 - DATOS DE LONGITUD FIJA--INFORMACIÓN GENERAL
campo de control de longitud fija 090513s1972 sp |||| | spa d
080 ## - NÚMERO DE LA CLASIFICACIÓN DECIMAL UNIVERSAL
Número de la Clasificación Decimal Universal 27 Bultmann, Rudolf
080 ## - NÚMERO DE LA CLASIFICACIÓN DECIMAL UNIVERSAL
Número de la Clasificación Decimal Universal 32:27
100 1# - ENTRADA PRINCIPAL--NOMBRE DE PERSONA
Nombre de persona Sölle, Dorothee.
9 (RLIN) 140108
245 10 - MENCIÓN DEL TÍTULO
Título Teología política :
Resto del título confrontación con Rudolf Bultmann /
Mención de responsabilidad, etc. Dorothee Sölle ; [tradujo Antonio Caballos].
260 ## - PUBLICACIÓN, DISTRIBUCIÓN, ETC.
Lugar de publicación, distribución, etc. Salamanca :
Nombre del editor, distribuidor, etc. Sígueme,
Fecha de publicación, distribución, etc. 1972.
300 ## - DESCRIPCIÓN FÍSICA
Extensión 119 p. ;
Dimensiones 21 cm.
600 14 - PUNTO DE ACCESO ADICIONAL DE MATERIA--NOMBRE DE PERSONA
Nombre de persona Bultmann, Rudolf-
Subdivisión general Crítica e interpretación.
9 (RLIN) 140109
650 #7 - PUNTO DE ACCESO ADICIONAL DE MATERIA--TÉRMINO DE MATERIA
Término de materia o nombre geográfico como elemento de entrada Teología política
Fuente del encabezamiento o término embne
9 (RLIN) 17473
700 1# - ENTRADA AGREGADA--NOMBRE PERSONAL
Nombre de persona Caballos, Antonio.
9 (RLIN) 33125
852 ## - LOCALIZACIÓN
Ubicación ES-MaACL
Número de control de estantería C-49352
Holdings
Estatus retirado Estado de pérdida Estado de daño No para préstamo Biblioteca de origen Biblioteca actual Ubicación en estantería Fecha de adquisición Fuente de adquisición Total de préstamos Signatura topográfica completa Código de barras Visto por última vez Precio de reemplazo Tipo de ítem Koha
        Biblioteca del Ateneo de Madrid Biblioteca del Ateneo de Madrid Depósito 2 13/05/2009     C-49352 1179860 23/02/2023 23/02/2023 Libro impreso